000
00335nam a22001457a 4500
008
221014b ||||| |||| 00| 0 eng d
020
_a
9780073532127
041
_a
eng
080
_2
FIFTH EDITION
_a
159.9
082
_a
159.9
100
_a
24.1
101
_a
PSI
245
_a
PSYCHOLOGY SCIENCE OF MIND
_c
PASSER M
942
_2
udc
_c
BK
999
_c
58576
_d
58576